Татко ми е страхотен (Запис номер 492558)
[ съкратено ]
| 000 -Лидер | |
|---|---|
| Лидер | 01459nam a2200301 a 4500 |
| 003 - Код на организацията, давaща контролен номер | |
| Код на организацията, даваща контролен номер | BLK |
| 005 - Дата и час на последна редакция | |
| Дата и час на последна редакция | 20250723090538.0 |
| 008 - Елементи от данни с фиксирана дължина | |
| Елементи с фиксирана дължина | 230329b bu |||||||||| 00| | bu d |
| 020 ## - Международен стандартен номер на книга ISBN | |
| ISBN | 9786192290801 |
| 040 ## - Източник на каталожния запис | |
| Код на библиотеката | BLK |
| 041 ## - Код за език | |
| Език | Български |
| Език за КДБФ | Български |
| 080 ## - УДК | |
| УДК текст | Издания за деца и юноши. Книжки-картинки. Читанки. Вж и 372.4 |
| УДК код | 087.5 |
| УДК – код + определител | 087.5 |
| 080 ## - УДК | |
| УДК текст | Американска литература (на САЩ) |
| УДК код | 821.111(73) |
| УДК – определител | -93-34 |
| УДК – код + определител | 821.111(73)-93-34 |
| 100 ## - Редна дума - Автор | |
| R(LIN) | 1299 |
| Автор | Мойл, Сабрина |
| 245 ## - Сведения за заглавието | |
| Заглавие | Татко ми е страхотен |
| Авторска отговорност | Сабрина Мойл ; ил. Юнис Мойл, Георги Вълков ; прев. Диана Бойчева. |
| 260 ## - Област на издателските данни | |
| 9 (RLIN) | 487273 |
| Място на издаване | София |
| Име на издателя | Ракета |
| Година на издаване | 2022 |
| 300 ## - Физическа характеристика | |
| Брой страници | 24 с. |
| Илюстрации | с цв. ил. |
| Размер | 18х18 см |
| 380 ## - Жанр | |
| Жанр | Детска худож. лит. |
| 500 ## - Общи забележки | |
| Обща забележка | Кор. опис.<br/>Ориг. загл.: My dad is amazing.<br/>Кн. от поредицата Здравей, щастие!<br/>Кн. отпеч. на ламиниран картон. |
| 700 ## - Други автори (авторска отговорност) | |
| 9 (RLIN) | 599 |
| Друг автор | Мойл, Юнис |
| Авт. отговорност на др. автор | ил. |
| 700 ## - Други автори (авторска отговорност) | |
| Друг автор | Вълков, Георги Владимиров |
| 9 (RLIN) | 488218 |
| 700 ## - Други автори (авторска отговорност) | |
| 9 (RLIN) | 488166 |
| Друг автор | Бойчева, Диана Пламенова |
| Авт. отговорност на др. автор | прев. |
| 852 ## - Местоположение | |
| Сигнатура (форматна) | Цб І 42496 |
| Отдел | Хранилище |
| 856 ## - Електронен адрес и достъп | |
| Инструкция (цена за достъп) | 0.00 |
| Права за достъп | disable |
| 942 ## - АРТИКУЛИ | |
| Вид на библиотечния документ | Книги |
| Скрит в OPAC | Не |
| Периодичен библиозапис | Да |
| Koha issues (borrowed), all copies | 10 |
| 944 ## - СЪЗДАВАНЕ И РЕДАКЦИЯ на ЗАПИСА | |
| Създаване/Редакция | Създаване |
| Дата на регистрацията/редакция | 2023-07-07 |
| Служител, извършил регистрацията/редакцията | 30564 |
| Номер на служител | Анна Гръцманова |
| 999 ## - СИСТЕМНИ КОНТРОЛНИ НОМЕРА | |
| Koha biblionumber | 492558 |
| Koha biblioitemnumber | 492558 |
| Код за отписване | Код за изгубен артикул | Източник на класификационната схема | Код за повреда | Коз за рестрикции | Код за отдаване | Артикулен № | Име на библиотеката - собственик | Име на библиотеката, в която се намира в момента | Статус (Текущо местоположение) | Дата на вписване в системата | Местоположение - отдел | Цена в лева | Инвентарен номер | Систематично азбучна сигнатура | Баркод | Цена в евро | Служебен тип на артикула |
|---|---|---|---|---|---|---|---|---|---|---|---|---|---|---|---|---|---|
| Не е изгубен | Universal Decimal Classification | Не е повреден | само за читалня | ползва се в читалня | 930054 | Регионална библиотека "Любен Каравелов" Русе | Регионална библиотека "Любен Каравелов" Русе | Хранилище | 2023-07-14 | Хранилище | 8.00 | 120000889466 | Цб І 42496 | 120000889466 | 4.09 | Книги | |
| Не е изгубен | Universal Decimal Classification | Не е повреден | заемане за дома | 958018 | Регионална библиотека "Любен Каравелов" Русе | Регионална библиотека "Любен Каравелов" Русе | Детски отдел | 2025-01-10 | Детски отдел | 12.67 | 120000916729 | 821-93/М 80 С | 120000916729 | 6.48 | Книги | ||
| Не е изгубен | Universal Decimal Classification | Не е повреден | заемане за дома | 958019 | Регионална библиотека "Любен Каравелов" Русе | Регионална библиотека "Любен Каравелов" Русе | Детски отдел | 2025-01-10 | Детски отдел | 12.67 | 120000916730 | 821-93/М 80 С | 120000916730 | 6.48 | Книги |